羽田空港国内線発着数ランキング - Statistics

General Stats
  • This quiz has been taken 534 times
  • The average score is 32 of 50
Answer Stats
地方 空港 発着数 % Correct
北海道 新千歳 142
100%
九州 福岡 128
98%
沖縄 那覇 92
98%
近畿 伊丹 64
93%
九州 北九州 66
90%
九州 鹿児島 57
89%
九州 宮崎 52
87%
九州 長崎 50
87%
九州 熊本 46
85%
近畿 関西 32
84%
中国 広島 30
84%
四国 徳島 26
84%
四国 高松 26
83%
九州 大分 39
82%
北海道 函館 20
78%
四国 松山 24
77%
東北 秋田 22
77%
中部 小松 32
73%
近畿 神戸 20
72%
四国 高知 20
72%
北海道 旭川 20
71%
北海道 帯広 20
70%
中国 岡山 20
70%
東北 青森 18
70%
中国 鳥取 16
65%
北海道 釧路 16
64%
北海道 女満別 14
61%
中国 米子 12
58%
沖縄 石垣 8
57%
九州 佐賀 10
56%
中国 山口宇部 26
53%
中国 出雲 10
53%
沖縄 宮古 6
52%
北海道 稚内 4
52%
近畿 南紀白浜 6
50%
中部 富山 8
49%
関東 八丈島 6
48%
中部 中部 6
47%
中国 岩国 10
46%
東北 三沢 8
45%
東北 庄内 8
44%
東北 山形 4
44%
東北 大館能代 10
42%
北海道 中標津 2
42%
中国 萩・石見 4
40%
九州 奄美 2
40%
北海道 紋別 2
37%
中部 能登 2
37%
沖縄 久米島 2
27%
沖縄 宮古下地島 2
20%
No matching quizzes found
Score Distribution
Percent of People with Each Score
Percentile by Number Answered
Your Score History
You have not taken this quiz